| 000 | 01502nam a2200409 c 4500 | ||
|---|---|---|---|
| 003 | BLK | ||
| 005 | 20210716130056.0 | ||
| 008 | 180408b bul|||||r ||||||| ||bul|| | ||
| 010 | _aKNG00089718000 | ||
| 020 |
_a978-954-91928-3-4 _bиздат.: Бряг |
||
| 040 | _aBLK | ||
| 041 |
_aBUL _cBUL |
||
| 072 | 7 |
_2bullib _aК _xКраезнание |
|
| 080 |
_aБиографии _b929 _x(497.215)(047.53) _z929(497.215)(047.53) |
||
| 080 |
_aКраезнание _b908 _x(497.215)(092) _z908(497.215)(092) |
||
| 700 | 1 |
_aЯнчев, Емил _eред. _9372870 |
|
| 700 | 1 |
_aТодорова, Стефка _eред. _9301699 |
|
| 139 |
_aЛицата на Русе _bЛ 72 |
||
| 245 | 1 | 0 |
_aЛицата на Русе _b18 портрета и интервюта с 18 обществено значими личности : Сб. статии : Ч. 1 - _cред. Емил Янчев; ред. Стефка Тодорова. _nЧ. 1 |
| 257 | _aBGR | ||
| 260 |
_аРусе _bБряг _c2008 - _fРазград : Разград Полиграф |
||
| 300 | _c21 см | ||
| 380 | _a9 | ||
| 650 | 4 |
_aГрадове, български _9264012 |
|
| 651 | 4 |
_aРусе _9179462 |
|
| 651 | 4 |
_aБългария _9241624 |
|
| 653 | _aличности | ||
| 653 | _aинтервюта | ||
| 653 | _aРусе | ||
| 659 | _aК | ||
| 760 | 1 |
_d2008 _h128 с. : с ил. _tЧ. 1 |
|
| 852 | _aЦб 243802 | ||
| 856 | 4 |
_qpdf _u |
|
| 856 | 4 |
_qpdf _u |
|
| 942 |
_cKNG _n0 _01 |
||
| 944 |
_aCR _c28.05.2009 _lф / _kВаля_Йорданова |
||
| 944 |
_aED _c29.04.2010 _lф / _k |
||
| 999 |
_c85122 _d85122 |
||